Manual de costos standards (Registro nro. 708)

Detalles MARC
000 -LEADER
fixed length control field 01203 a2200193 4500
001 - CONTROL NUMBER
control field 16346
005 - DATE AND TIME OF LATEST TRANSACTION
control field 20260407155458.0
008 - FIXED-LENGTH DATA ELEMENTS--GENERAL INFORMATION
fixed length control field 260407a1971 arg spa d
003 - CONTROL NUMBER IDENTIFIER
control field AR-UNSa-BCEJYS
040 ## - CATALOGING SOURCE
Original cataloging agency AR-UNSa-BCEJYS
Language of cataloging spa
Transcribing agency AR-UNSa-BCEJYS
080 ## - UNIVERSAL DECIMAL CLASSIFICATION NUMBER
Universal Decimal Classification number 657.47
Common auxiliary subdivision Contabilidad de Costos
100 1# - MAIN ENTRY--PERSONAL NAME
Personal name Vázquez, Juan Carlos
245 10 - TITLE STATEMENT
Title Manual de costos standards
264 #1 - PRODUCTION, PUBLICATION, DISTRIBUTION, MANUFACTURE, AND COPYRIGHT NOTICE
Place of production, publication, distribution, manufacture Buenos Aires :
Name of producer, publisher, distributor, manufacturer Aguilar
Date of production, publication, distribution, manufacture, or copyright notice 1971
300 ## - PHYSICAL DESCRIPTION
Extent lxi, 1072 p.
Dimensions 21 cm.
505 ## - FORMATTED CONTENTS NOTE
Formatted contents note 1. Introducción a la contabilidad de costos; 2. Sistemas de costos; 3. Cuentas principales de la contabilidad de costos; 4. Clasificación de los desembolsos; 5. Clasificación de los desembolsos según su variabilidad; 6. Contabilización de la materia prima; 7. Contabilización de la mano de obra; 8. Contabilización de las cargas sociales; 9. Contabilización de los gastos de fabricación; 10. Costos standards; 11. Determinación de costos standards; 12. Mecanismos de contabilización; 13. Variaciones en standards; 14. Informes de costos; 15. Gastos de comercialización; 16. Costos para toma de decisiones; 17. Costeo directo; 18. Planificación y control de gestión
590 ## - LOCAL NOTE (RLIN)
Local note niveau_biblio:m niveau_hierar:0
942 ## - ADDED ENTRY ELEMENTS (KOHA)
Koha item type
Existencias
Withdrawn status Lost status Damaged status Not for loan Home library Current library Shelving location Date acquired Total checkouts Full call number Barcode Date last seen Price effective from Koha item type Public note
        Biblioteca Prof. Eusebio Cleto del Rey Biblioteca Prof. Eusebio Cleto del Rey   07/04/2026   657.47 V393 L23519 07/04/2026 07/04/2026 Libro  
        Biblioteca Prof. Eusebio Cleto del Rey Biblioteca Prof. Eusebio Cleto del Rey   07/04/2026   657.47 V393 L23521 07/04/2026 07/04/2026 Libro LAPICERA - LÁPIZ - HASTA PRÓLOGO HOJAS UN POCO SUELTAS - PÁG 17 ROTA
        Biblioteca Prof. Eusebio Cleto del Rey Biblioteca Prof. Eusebio Cleto del Rey   07/04/2026   657.47 V393 L23522 07/04/2026 07/04/2026 Libro